[Event "BEL-chT 1718"]
[Site "Belgium"]
[Date "2017.12.03"]
[Round "5.7"]
[White "Hopman, Pieter"]
[Black "Le Quang, Kim"]
[Result "1-0"]
[WhiteElo "2318"]
[BlackElo "2287"]
[PlyCount "73"]
[EventDate "2017.09.24"]
[EventType "team-tourn"]
[EventRounds "11"]
[EventCountry "BEL"]
[SourceTitle "CBM 181 Extra"]
[Source "ChessBase"]
[SourceDate "2017.12.12"]
[SourceVersion "1"]
[SourceVersionDate "2017.12.12"]
[SourceQuality "1"]
[WhiteTeam "Liege Crelel"]
[BlackTeam "Charleroi CREC"]
[WhiteTeamCountry "BEL"]
[BlackTeamCountry "BEL"]

1. e4 g6 2. d4 Bg7 3. c4 d6 4. Nc3 Nf6 5. Be2 0-0 6. Be3 e5 7. d5 c6 8. g4 cxd5 9. cxd5 Qa5 10. Bf3 b5 11. g5 Ne8 12. a4 b4 13. Nb5 Bd7 14. Bg4 Bxb5 15. axb5 Qxb5 16. Qa4 Nc7 17. Be2 Qb7 18. Nf3 a5 19. 0-0 Qc8 20. Nd2 Qd8 21. Rfc1 Ne8 22. Bg4 f5 23. gxf6 Nxf6 24. Be6+ Kh8 25. Rc8 Qxc8 26. Bxc8 Rxc8 27. Qb5 Nbd7 28. Rxa5 Rab8 29. Qa4 h6 30. Rb5 Ra8 31. Qxb4 Ra1+ 32. Kg2 Ng4 33. Nc4 Nxe3+ 34. Nxe3 Rcc1 35. Qxd6 Nf6 36. Kf3 Nh5 37. Qxg6 1-0

[Event "Hoogeveen op 21st"]
[Site "Hoogeveen"]
[Date "2017.10.23"]
[Round "4"]
[White "French, Max"]
[Black "Hopman, Pieter"]
[Result "1/2-1/2"]
[WhiteElo "1991"]
[BlackElo "2322"]
[PlyCount "68"]
[EventDate "2017.10.21"]
[EventType "swiss"]
[EventRounds "9"]
[EventCountry "NED"]
[SourceTitle "CBM 181 Extra"]
[Source "ChessBase"]
[SourceDate "2017.12.12"]
[SourceVersion "1"]
[SourceVersionDate "2017.12.12"]
[SourceQuality "1"]

1. d4 Nf6 2. c4 e6 3. Nf3 b6 4. a3 Bb7 5. Nc3 d5 6. cxd5 exd5 7. Qa4+ c6 8. g3 Bd6 9. Bg2 0-0 10. 0-0 Nbd7 11. Bf4 Bxf4 12. gxf4 Ne8 13. Ne5 Nxe5 14. fxe5 f6 15. f4 f5 16. b4 Nc7 17. e3 a5 18. bxa5 Rxa5 19. Qb4 Na8 20. Rab1 Ba6 21. Rfc1 Rf7 22. Na4 Bb5 23. Nxb6 Qxb6 24. Bxd5 Qd8 25. Bxf7+ Kxf7 26. e6+ Kxe6 27. d5+ Kf7 28. dxc6 Qd3 29. Qxa5 Qxe3+ 30. Kg2 Qe2+ 31. Kg1 Qg4+ 32. Kh1 Qf3+ 33. Kg1 Qe3+ 34. Kg2 Qe4+ 1/2-1/2